000 00455ntaaa2200181 4500
003 01
005 20251027202720.0
008 0714s1973 ag 01
040 _aAR-BaBN
_bspa
_cAR-BaBN
_eaacr
_dRIC
082 _a612.6000 R72
100 _aRosenvasser, Eliseo
_926930
245 _aEducación sexual
250 _a1 ed.
260 _aBuenos Aires :
_bEditorial Médica Panamericana,
_c1970
300 _a183 p
700 _aParrilla, Luis
942 _cBK
999 _c22358
_d22358